Star Trek: Deep Space 9 Trivia - Statistics

General Stats
  • This quiz has been taken 26 times
  • The average score is 8 of 15
Answer Stats
Hint Answer % Correct
How many hosts did the Dax symbiont have? (Including Ezri) 9
95%
Captain of the Defiant and DS9 Benjamin Sisko
91%
Race that oppressed the Bajorans Cardassians
91%
Second in command, former Bajoran freedom fighter Major Kira
86%
Number of Weyoun's seen on the show 4
82%
Who supposedly lives in the above? The Prophets
77%
What space empire resides in the above, the main antagonist in the series Dominion
59%
Sisko's role in the Bajoran faith Emissary
59%
Former Cardassian name of DS9 Terok Nor
59%
Quadrant that the wormhole leads to Gamma Quadrant
50%
Name the Bajorans use for the wormhole Celestial Temple
41%
Kai Winn's first name Adami
27%
First Minister of Bajor during the show, leader of Kira's old resistance cell First Minister Shakaar
9%
The original name of the second Defiant USS Sao Paulo
9%
Famous book Jake Sisko wrote The Muse
0%
No matching quizzes found
Score Distribution
Percent of People with Each Score
Percentile by Number Answered
Your Score History
You have not taken this quiz